Canadian Trivia - Statistics

General Stats
  • This quiz has been taken 12 times
  • The average score is 3 of 10
Answer Stats
Hint Answer % Correct
I was originally called Bytown! Ottawa
75%
I am where Terry Fox had to end his Marathon of Hope! Thunder Bay
63%
I have the largest proportion of Filipinos out of any city in Canada! Winnipeg
63%
I have the 3rd largest visible minority population in proportion to my whole population! Calgary
50%
I had the shortest tenure of any Canadian Prime Minister! Charles Tupper
13%
9.3% (11,610) of my immigrants are Italian! Hamilton
13%
I am a major landmark located in Kluane National Park! Mount Logan
13%
I am home to Fort McPherson! The Northwest Territories
13%
My hard work led to the reform of the Canadian Penal System! Agnes Macphail
0%
John A. Macdonald referred to me as "bold as a lion"! George-Étienne Cartier
0%
No matching quizzes found
Score Distribution
Percent of People with Each Score
Percentile by Number Answered
Your Score History
You have not taken this quiz